|
|
|
|
| LEADER |
00000nab a2200000 a 4500 |
| 001 |
vtls000176384 |
| 003 |
SK-MaSNL |
| 005 |
20260304071015.0 |
| 008 |
250422c1984 xo 0 slo |
| 015 |
|
|
|a SNBRB19rr/mm-uuuuu
|
| 035 |
|
|
|a CL0186497
|
| 035 |
|
|
|a urn:nbn:sk:snk-abbdaf
|
| 035 |
|
|
|a (urnnbn)urn:nbn:sk:snk:ar-0061go
|
| 035 |
|
|
|a (uuid)1e053976-d0f0-4cbf-8772-9b2750cddb7e
|
| 040 |
|
|
|a SNKBUCL
|b slo
|c SNKBUCL
|e AACR2
|
| 041 |
0 |
|
|a slo
|
| 044 |
|
|
|a xo
|c SK
|
| 080 |
|
|
|a 631.84:633.11
|2 1981
|
| 080 |
|
|
|a 633.11
|2 1981
|
| 080 |
|
|
|a 631.84
|2 1981
|
| 100 |
1 |
|
|a Ľahký, Ján
|4 aut
|9 790654
|
| 245 |
1 |
0 |
|a Vplyv rôznym systémom delených dávok dusíka na úrodotvorné faktory a úrody ozimnej pšenice
|c Ján Ľahký
|
| 300 |
|
|
|b Tb. 2. Res. angl., lit. 16 zázn. v slov., češ., ruš., nem.
|
| 650 |
0 |
7 |
|a dusíkaté hnojivá
|2 snkbucl
|9 17141
|
| 650 |
0 |
7 |
|a ozimná pšenica
|2 snkbucl
|9 28625
|
| 655 |
|
7 |
|a články z novín a časopisov
|2 snkbucl
|9 267496
|
| 773 |
0 |
|
|t Agrochémia
|g Roč. 24, č. 2 (1984), s. 33-36
|
| 850 |
|
|
|a Slovenská národná knižnica
|
| 852 |
|
|
|a Slovenská národná knižnica
|
| 954 |
|
|
|a odborná, vedecká literatúra pôvodná (slovenská)
|2 lita
|
| 958 |
|
|
|a article15
|
| 958 |
|
|
|a OND
|
| 958 |
|
|
|a NB
|
| 958 |
|
|
|a RK
|
| 958 |
|
|
|a EUIPO
|
| 992 |
|
|
|a RBX
|
| 999 |
|
|
|c 2758421
|d 2760351
|